000 01465nam a2200385 a 4500
999 _c377363
_d377363
003 BLK
005 20250630115015.0
008 180413b bul|||||r ||||||| ||bul||
010 _aKNG00026791000
020 _a9786191952588
040 _aBLK
041 _aBUL
_cBUL
080 _aБългарска литература
_b821.163.2
_x-9
_z821.163.2-9
080 _aБългарски актьор
_b929 Парцалев, Георги Иванов
_z929 Парцалев, Георги Иванов
100 _aТошев, Георги
_eпърви автор
_9372223
139 _aПарцалев, Георги
_bП 24
245 1 0 _aХамлет от град Левски
_cГеорги Тошев
257 _aBGR
260 _bКнигомания
_c2020
_9214104
_aСофия
_n978-619-195- ; 978-954-8432- ; 978-954-9817- ; 954-90578-
300 _a240 с.
_bсъс сн.
_c20 см
380 _a7
600 1 4 _aПарцалев, Георги Иванов
_9267570
650 4 _aАртисти, български - спомени
_9250105
653 _aбългарски артисти
653 _aГеорги Парцалев
852 _a886.163.2-9/П 24 Г
_bП
856 4 _qpdf
_u
_i0.00
_ldisable
856 4 _qpdf
_u
_i0.00
_ldisable
942 _cKNG
_n0
_s1
_047
944 _aCR
_c2020-07-28
_k30531
_lЦветелина Шанова
999 _d377363
999 _d377363
999 _d377363
999 _d24285